| 000 | 01156nam a22001457a 4500 | ||
|---|---|---|---|
| 020 | _a9788121929393 | ||
| 082 | _a624.1701,KUM | ||
| 100 |
_aKumar, Santosh _9106366 |
||
| 245 |
_aComputer based numerical and statistical techniques : _bfor B.Tech., MCA, B.Sc., M.Sc / _cDr. Santosh Kumar, |
||
| 260 |
_aS. Chand _bIndia _c2008 |
||
| 300 | _axvi, 510p | ||
| 505 | _aHigh Speed Computations and Errors (Page-1), Solution of Algebraic and Transcendental Equations (Page-33), System of Linear Algebraic Equations (Page-75), Calculus of Finite Differences (Page-1410, Interpolation with Equal Intervals (Page-156), Central Difference Interpolation (Page-176), Interpolation with Unequal Intervals (Page-207), Numerical Differentiation (Page-224), Numerical Integration (Page-248), Numerical Solution of Ordinary Differential Equations (Page-291), Curve Fitting, Cubic Spline and Approximations (Page-347), Statistical Computation and Quality Control (Page-394), Time Series and Forecasting (Page-441), Test of significance (Page-441), Objective Questions (Page-487). | ||
| 650 |
_aComputer based numerical and statistical techniques _9106367 |
||
| 942 |
_2ddc _cBK |
||
| 999 |
_c592843 _d592843 |
||